000 00844nam a2200253Ia 4500
003 OSt
005 20220925224501.0
006 a|||||r|||| 00| 0
007 ta
008 220923b |||||||| |||| 00| 0 eng d
037 _cGeneral Book
040 _aRTL
_cRTL
_beng
041 _2eng
_aeng
082 _aX;(B ) j N17C, M7
100 _aKing Maxwell L Ed.
_9291178
245 0 _aSpecification analysis in the linear model
_b In hon
260 _aLondon
_bRoutledge & Kegan Paul UK
_c1987
300 _aix, 355p. Bibliography chapterwise, Appendix P 307-54
_ccm.
500 _aInternational library of Economics
650 _aMathematical Economics
700 _a Giles David E A Ed.
_9291179
942 _hX;(B ) j N17C, M7
_cGB
_2CC
999 _c581563
_d581563